Martin Luther King, Jr : a biography (Record no. 11911)

000 -LEADER
fixed length control field 00508nam a22001817a 4500
008 - FIXED-LENGTH DATA ELEMENTS--GENERAL INFORMATION
fixed length control field 210608b ||||| |||| 00| 0 eng d
020 ## - INTERNATIONAL STANDARD BOOK NUMBER
International Standard Book Number 9788179927502
082 ## - DEWEY DECIMAL CLASSIFICATION NUMBER
Classification number 323.092
Item number BRU
100 ## - MAIN ENTRY--PERSONAL NAME
Personal name Bruns, Roger
245 ## - TITLE STATEMENT
Title Martin Luther King, Jr : a biography
260 ## - PUBLICATION, DISTRIBUTION, ETC. (IMPRINT)
Place of publication, distribution, etc Mumbai
Name of publisher, distributor, etc Jaico Publishing House
Date of publication, distribution, etc 2008
300 ## - PHYSICAL DESCRIPTION
Extent xiv, 157p.
Other physical details Hb
440 ## - SERIES STATEMENT/ADDED ENTRY--TITLE
Title Jaico great lives series
650 ## - SUBJECT ADDED ENTRY--TOPICAL TERM
Topical term or geographic name as entry element United States
650 ## - SUBJECT ADDED ENTRY--TOPICAL TERM
Topical term or geographic name as entry element Civil rights workers
650 ## - SUBJECT ADDED ENTRY--TOPICAL TERM
Topical term or geographic name as entry element African Americans--Civil rights
942 ## - ADDED ENTRY ELEMENTS (KOHA)
Item type Gratis Books
Holdings
Withdrawn status Lost status Source of classification or shelving scheme Damaged status Not for loan Collection code Permanent location Current location Shelving location Date acquired Total Checkouts Full call number Barcode Date last seen Date last borrowed Koha item type Public note
          Fiction IMU-MPC Library IMU-MPC Library Fiction 2021-06-08 2 323.092 BRU MPCG0397 2026-06-17 2026-05-14 Books Column-63
Copyright © 2021 Indian Maritime University, Mumbai Port Campus. All Rights Reserved. Managed & Maintained by Central Library, IMU-Mumbai

webs counters

Powered by Koha